Capitales contenant la lettre O - Statistiques

Statistiques générales
  • Ce quiz a été pris 1 429 fois
    1 242 depuis la dernière actualisation
  • Le résultat moyen est 67 sur 91
Statistiques - réponses
Afrique % Correct
Lisbonne
93%
Oslo
93%
Londres
92%
Moscou
91%
Ottawa
91%
Washington
89%
Rome
88%
Bogota
87%
Buenos Aires
87%
Monaco
87%
Montevideo
87%
Mexico
86%
Santiago
86%
Stockholm
86%
Tokyo
86%
Wellington
85%
Andorre-la-Vieille
84%
Copenhague
83%
Quito
83%
Hanoï
81%
Oulan-Bator
81%
Sarajevo
81%
Varsovie
81%
Kingston
79%
Kingstown
79%
Séoul
79%
Asuncion
78%
Bamako
78%
Bangkok
78%
Georgetown
78%
Sofia
78%
Luxembourg
77%
Pyongyang
77%
Singapour
77%
Yamoussoukro
77%
Yaoundé
77%
Podgorica
76%
Bakou
75%
Doha
75%
Paramaribo
75%
Port-au-Prince
75%
San Salvador
75%
Skopje
75%
Nairobi
74%
Antananarivo
73%
São Tomé
73%
Tripoli
73%
Lomé
72%
Mogadiscio
72%
Nicosie
72%
Ouagadougou
72%
Port Moresby
72%
Djibouti
71%
Kaboul
71%
Maputo
71%
Porto-Novo
71%
San José
71%
Freetown
70%
Katmandou
70%
Khartoum
70%
Port-d'Espagne
70%
Port-Louis
70%
Saint-Domingue
70%
Beyrouth
69%
Dodoma
69%
Phnom-Penh
68%
Windhoek
67%
Belmopan
66%
Gaborone
66%
Koweït
66%
Moroni
66%
Port-Vila
66%
Saint-Georges
66%
Saint John's
66%
Djouba
65%
Douchanbé
65%
Nouakchott
65%
Conakry
64%
Monrovia
64%
Roseau
64%
Abou Dabi
63%
Victoria
63%
Bridgetown
62%
Malabo
61%
Thimphou
61%
Majuro
59%
Lilongwe
56%
Honiara
55%
Nuku'alofa
51%
Sri Jayawardenapura Kotte
38%
Melekeok
29%
Aucun quiz correspondant
Distribution des résultats
% des personnes avec chaque résultat
Percentile par nombre de réponses
Votre historique - résultats
Vous n’avez pas pris ce quiz depuis la dernière actualisation